000 00747cam a2200229 4500
001 ABS67094
008 030917n2003 000 0 eng u
035 _a(Sirsi) u123653
100 _aLloyd, G.
245 _aShaping national space in Scotland
260 _c2003
490 _aTown & Country Planning
_v72(7) August 2003, 224-225(2)
520 _aDescribes the movement towards the development of a national planning framework for Scotland by the Scottish Executive. References.
590 _aABS
650 _aSCOTLAND
650 _aNATIONAL PLANNING POLICY
650 _aSPATIAL PLANNING
650 _aLand use
_96251
690 _aENVIRONMENTAL AND LAND CONSULTANCY-PLANNING AND DEVELOPMENT
700 _aPeel, D.
942 _n0
999 _c73430
_d73430